Noli Me Tangere / (Record no. 292327)
[ view plain ]
| 000 -LEADER | |
|---|---|
| fixed length control field | 00297nam a2200121Ia 4500 |
| 008 - FIXED-LENGTH DATA ELEMENTS--GENERAL INFORMATION | |
| fixed length control field | 160319s9999 xx 000 0 und d |
| 020 ## - INTERNATIONAL STANDARD BOOK NUMBER | |
| International Standard Book Number | 9719285516 |
| 050 ## - LIBRARY OF CONGRESS CALL NUMBER | |
| Item number | R627n 2005 |
| 245 ## - TITLE STATEMENT | |
| Title | Noli Me Tangere / |
| 260 ## - PUBLICATION, DISTRIBUTION, ETC. (IMPRINT) | |
| Name of publisher, distributor, etc | Alberto Enrico Educational Center |
| 260 ## - PUBLICATION, DISTRIBUTION, ETC. (IMPRINT) | |
| Date of publication, distribution, etc | 2005 |
| 300 ## - PHYSICAL DESCRIPTION | |
| Extent | 539 pages : |
| Withdrawn status | Lost status | Damaged status | Home library | Current library | Shelving location | Date acquired | Total Checkouts | Full call number | Barcode | Date last seen | Price effective from | Koha item type |
|---|---|---|---|---|---|---|---|---|---|---|---|---|
| Stonyhurst Southville International School (Batangas) | Stonyhurst Southville International School (Batangas) | Filipiniana Section | 03/19/2016 | Fil Fic R627n 2005 | US 0546 | 03/19/2016 | 03/19/2016 | Books |